| 000 | 00618nam a2200181Ia 4500 | ||
|---|---|---|---|
| 003 | GCL | ||
| 008 | 140319s9999 xx 000 0 ara d | ||
| 040 |
_aGCL / _cGCL |
||
| 082 | 0 | 4 |
_a810.96 _bع ا |
| 100 | 1 | _aعبدالعزيز عتيق | |
| 245 | 1 | 0 |
_aالادب العربى فى الاندلس / _cعبدالعزيز عتيق |
| 260 |
_aبيروت : _bدار النهضة العربية للطباعة والنشر ، _c1976 |
||
| 300 |
_a502 ص ؛ _c24 سم |
||
| 650 | 0 | 4 | _aالادب العربى |
| 650 | 0 | 4 | _aالادب الاندلسى |
| 650 | 0 | 4 | _aالموشحات الاندلسية |
| 942 |
_2ddc _cBK |
||
| 999 |
_c45889 _d45889 |
||